000 00628cam a22002053a 4500
001 45456
003 PGUSA
005 20140828084042.0
008 140422s2014||||xxu|||||s|||||000 | eng d
040 _aPGUSA
_beng
042 _adc
100 1 _aNapoleon III, Emperor of the French,
_d1808-1873
245 1 0 _aHistory of Julius Caesar Vol. 1 of 2
_h[electronic resource] /
_cEmperor of the French Napoleon III
260 _bProject Gutenberg,
_c2014
506 _aPublic domain in the USA.
516 _aElectronic text
830 0 _aProject Gutenberg
_v45456
856 4 0 _uhttp://www.gutenberg.org/ebooks/45456
942 _cEB
999 _c274707
_d274707